| 000 | 00382nam a22001337a 4500 | ||
|---|---|---|---|
| 008 | 240221b |||||||| |||| 00| 0 eng d | ||
| 100 | _aCAETANO, Marcelo | ||
| 245 |
_aMinhas memorias de Salazar _cMarcelo Caetano |
||
| 250 | _a4 aed. | ||
| 260 |
_aLisboa _bEditorial Verbo _c2000 |
||
| 300 | _a814p. | ||
| 650 |
_aLiteratura _xMemorias, Salazar, Politica, Portugal |
||
| 942 |
_2udc _cBK |
||
| 999 |
_c52973 _d52972 |
||